| 000 | 00845cam a22002893a 4500 | ||
|---|---|---|---|
| 001 | 16387861 | ||
| 003 | OSt | ||
| 005 | 20140310181654.0 | ||
| 008 | 971216s1996 xxu 000 1 eng | ||
| 010 | _a 97814507 | ||
| 020 | _a0590568779 | ||
| 035 | _a(DLC) 97814507 | ||
| 040 |
_aDLC _cDLC _dDLC |
||
| 050 | 0 | 0 |
_aPZ 7 _b.St859g40 1996 |
| 082 |
_aKF _bSt5g #40 |
||
| 100 | 1 |
_aStine, R. L. _93762 |
|
| 245 | 1 | 0 |
_aGoosebumps : _bNight of the living dummy III / _cR. L. Stine. |
| 260 |
_aNew York : _bScholastic, _cc1996. |
||
| 300 |
_a125 p. : _c19 cm. |
||
| 541 | _j1 | ||
| 562 | _e1 | ||
| 650 |
_aGhosts _xFiction. _95341 |
||
| 655 | 7 |
_aHorror fiction. _2gsafd _93405 |
|
| 710 | 2 |
_aCopyright Paperback Collection (Library of Congress) _5DLC _9705 |
|
| 906 |
_a7 _bcbc _corignew _d2 _encip _f19 _gy-genrareb |
||
| 942 |
_2lcc _cBK-KF _kKF |
||
| 999 |
_c1054 _d1054 |
||